000 00916nam a22002417a 4500
999 _c707
_d707
003 AR-CdUCM
008 190225b ||||| |||| 00| 0 spa d
040 _aMUNICIPALIDAD PROVINCIAL DEL CUSCO
_cBIBLIOTECA MUNICIPAL DEL CUSCO
041 _hfre
082 _a301.1 /
_bOR59
100 _aOraison, Marc
_92727
245 _aEl tiempo de los álibis /
260 _aEspaña :
_bEdiciones Paulinas,
_c1975.
300 _a157 páginas ;
_c17.5 cm.
505 _aContenido: Crepúsculo de los dioses -- ¿Liberación? -- La verdadera cuestión -- Vértigo del tiempo -- El álibi del progreso -- ¿Es lp mejor enemigo de lo bueno? -- El mito "sociedad" -- Álibi de lo colectivo ...
650 _aMarc Oraison
_92728
650 _aÁlibi
_92729
650 _aPolítica
_9291
650 _aAnálisis
_92730
650 _aReflexiones de la realidad humana
_92731
942 _2ddc
_cLIBROS
945 _alccs
_d2019-02-25